|
|
|
|
| LEADER |
00000nab a2200000 a 4500 |
| 001 |
vtls000185914 |
| 003 |
SK-MaSNL |
| 005 |
20260302205430.0 |
| 008 |
111106c1984 xo 0 slo |
| 015 |
|
|
|a SNBRB19rr/mm-uuuuu
|
| 035 |
|
|
|a CL0196027
|
| 040 |
|
|
|a SNKBUCL
|b slo
|c SNKBUCL
|e AACR2
|
| 041 |
0 |
|
|a slo
|
| 044 |
|
|
|a xo
|c SK
|
| 080 |
|
|
|a 78.091.4:782/785
|2 1981
|
| 080 |
|
|
|a 782/785
|2 1981
|
| 100 |
1 |
|
|a Mokrý, Ladislav,
|d 1932-2000
|4 aut
|9 196630
|
| 245 |
1 |
0 |
|a Olympiáda hudobného umenia v Moskve
|c Ladislav Mokrý
|
| 650 |
0 |
7 |
|a Medzinárodný hudobný festival 1984, Moskva
|2 snkbucl
|9 931276
|
| 655 |
|
7 |
|a články z novín a časopisov
|2 snkbucl
|9 267496
|
| 773 |
0 |
|
|t Pravda
|g Roč. 65, č. 143 (19. 6. 1984), s. 5
|
| 850 |
|
|
|a Slovenská národná knižnica v Martine
|a MTA001
|
| 852 |
|
|
|a SNK
|b KIS3GCP
|
| 958 |
|
|
|a RK
|
| 992 |
|
|
|a RBX
|
| 999 |
|
|
|c 1477721
|d 1479651
|